000
00333nam a2200145Ia 4500
008
150301s2015 xx 000 0 und d
082
_a
611
_b
H14M
100
_a
B. UMA MAHESHWARI
245
_a
HUMAN ANATOMY & PHYSIOLOGY
250
_a
IST
260
_b
BIRLA PUBLISHER
300
_a
216
650
_a
ANATOMY
942
_2
ddc
_c
BK
_0
15
999
_c
7060
_d
7060